| 000 | 00575nam a22001937a 4500 | ||
|---|---|---|---|
| 003 | CEME | ||
| 005 | 20210628203705.0 | ||
| 008 | 210128b xxu||||| |||| 00| 0 eng d | ||
| 020 | _a9971-51-339-0 | ||
| 040 | _c. | ||
| 082 | _a620.106 FUN | ||
| 100 |
_aWelty, James R, Wicks, Charles E, Wilson, Robert E _966863 |
||
| 245 | _aFundamentals of momentum, heat and mass transfer | ||
| 250 | _a4TH | ||
| 260 |
_aNEW YORK _bJOHN WIELY, JOHN WILEY & SONS _c2001 |
||
| 300 | _aXII,759P | ||
| 650 |
_aFLUID MECHANICS, HEAT TRANSMISSION, MASS TRANSFER _966864 |
||
| 942 |
_cBK _2ddc |
||
| 999 |
_c574742 _d574742 |
||